Industrial finance corporation act, 1948 (Record no. 508626)

000 -LEADER
fixed length control field 00416cam a22001337a 4500
008 - FIXED-LENGTH DATA ELEMENTS--GENERAL INFORMATION
fixed length control field 180718b xxu||||| |||| 00| 0 eng d
082 ## - DEWEY DECIMAL CLASSIFICATION NUMBER
Classification number U61 IFCI/1953
100 ## - MAIN ENTRY--PERSONAL NAME
Personal name India. Ministry of Law
9 (RLIN) 2682
245 ## - TITLE STATEMENT
Title Industrial finance corporation act, 1948
Statement of responsibility, etc by Ministry of Law, India
260 ## - PUBLICATION, DISTRIBUTION, ETC. (IMPRINT)
Place of publication, distribution, etc New Delhi
Name of publisher, distributor, etc Manager of Publicatons
Date of publication, distribution, etc 1953
300 ## - PHYSICAL DESCRIPTION
Extent 21p.
500 ## - GENERAL NOTE
General note Contents: Library has 1953, 1956, 1964
942 ## - ADDED ENTRY ELEMENTS (KOHA)
Source of classification or shelving scheme
Holdings
Withdrawn status Lost status Source of classification or shelving scheme Damaged status Koha normalized classification for sorting Not for loan Permanent location Current location Date acquired Full call number Barcode Date last seen Price effective from Koha item type
        U_61_000000000000000_IFCI_1953   Indian Institute of Public Administration Indian Institute of Public Administration 2019-04-03 U61 IFCI/1953 GG33014 2019-04-03 2019-04-03 GG

Powered by Koha